| 000 | 00887 a2200289 4500 | ||
|---|---|---|---|
| 001 | 200130808 | ||
| 999 |
_c200130808 _d30414 |
||
| 003 | TR-AnTOB | ||
| 005 | 20231221104859.0 | ||
| 008 | 131111s2013 tu 000 0 | ||
| 020 | _a9789755858029 | ||
| 040 | _aTR-AnTOB | ||
| 041 | _atur | ||
| 050 | 0 | 0 |
_aDS51.M36 _bM36 2007 |
| 090 | _aDS51.M36 M36 2007 | ||
| 245 | 1 | 0 | _aManisa rehberi 2007 |
| 264 | 1 |
_aManisa: _bManisa Valiliği, _c2007 |
|
| 300 |
_a108 p.: _bill. ; _c21 cm. |
||
| 651 |
_aManisa (Turkey) _xDescription and travel _994029 |
||
| 651 |
_aManisa (Turkey) _xEconomic conditions _994030 |
||
| 651 |
_aManisa (Turkey) _xSocial conditions _994031 |
||
| 651 |
_aManisa (Türkiye) _xEkonomik durum _994033 |
||
| 651 |
_aManisa (Türkiye) _xSosyal durum _994034 |
||
| 651 |
_aManisa (Türkiye) _xGezi ve tanıtım _994032 |
||
| 710 |
_aManisa (Türkiye). _bValilik _992904 |
||
| 999 | _tT.o 02.05.2013 | ||
| 942 | _cBK | ||